Enterprise Resource Planning (Record no. 2659)

MARC details
000 -LEADER
fixed length control field 00317nam a2200133Ia 4500
008 - FIXED-LENGTH DATA ELEMENTS--GENERAL INFORMATION
fixed length control field 191201s2005 xx 000 0 und d
082 ## - DEWEY DECIMAL CLASSIFICATION NUMBER
Classification number 658.301
Item number GAE
100 ## - MAIN ENTRY--PERSONAL NAME
Personal name GARG, Vinod
245 #0 - TITLE STATEMENT
Title Enterprise Resource Planning
260 ## - PUBLICATION, DISTRIBUTION, ETC. (IMPRINT)
Place of publication, distribution, etc N.Delhi
Name of publisher, distributor, etc Prentice Hall
Date of publication, distribution, etc 2005
300 ## - PHYSICAL DESCRIPTION
Extent 185
650 ## - SUBJECT ADDED ENTRY--TOPICAL TERM
Topical term or geographic name as entry element MBA
942 ## - ADDED ENTRY ELEMENTS (KOHA)
Source of classification or shelving scheme Dewey Decimal Classification
Koha item type Text Books
Holdings
Withdrawn status Lost status Source of classification or shelving scheme Damaged status Not for loan Collection code Home library Current library Date acquired Source of acquisition Cost, normal purchase price Bill Number Total Checkouts Full call number Acc. no. / Barcode Date last seen Bill Date Koha item type Checked out Date last borrowed Public note
    Dewey Decimal Classification     MBA PIET C-LIBRARY PIET C-LIBRARY 10/08/2007 J B C, New Delhi 150.00 695   658.301 GAE 5596 04/12/2019 27/07/2007 Text Books      
    Dewey Decimal Classification     MBA PIET C-LIBRARY PIET C-LIBRARY 10/08/2007 J B C, New Delhi 525.00 695 2 658.301 GAE 5597 21/01/2026 27/07/2007 Text Books 10/08/2026 21/01/2026  
    Dewey Decimal Classification     MBA PIET C-LIBRARY PIET C-LIBRARY 10/08/2007 J B C, New Delhi 525.00 695 1 658.301 GAE 5598 30/08/2025 27/07/2007 Text Books   03/02/2025  
    Dewey Decimal Classification     MBA PIET C-LIBRARY PIET C-LIBRARY 10/08/2007 J B C, New Delhi 525.00 695 1 658.301 GAE 5599 25/11/2023 27/07/2007 Text Books   22/01/2022 .

Design & Developed by: PIET Central Library
R70 Miles Stone Pattikalyana Samalkha Panipat 132102
mail ID :- [email protected], Phone No:- 0180-2569700 Ex.216